Cognitive neuropsychological approaches to the treatment of language disorders
Gespeichert in:
| Hauptverfasser: | , |
|---|---|
| Format: | Buch |
| Sprache: | Englisch |
| Veröffentlicht: |
Hillsdale
Lawrence Erlbaum Associates
1995
|
| Schlagworte: | |
| Tags: |
Tag hinzufügen
Keine Tags, Fügen Sie den ersten Tag hinzu!
|
MARC
| LEADER | 00000nam a2200000 a 4500 | ||
|---|---|---|---|
| 001 | UCZ6252 | ||
| 003 | CL-VaPUC | ||
| 008 | 951205e19950000US |||||||||||||||||eng|d | ||
| 082 | 0 | 4 | |a 616.855 |b BER |2 21 |
| 100 | 0 | |a Berndt, Rita Sloan |e author |9 350484 | |
| 700 | 0 | |a Mitchum, Charlotte C |e author |9 350485 | |
| 245 | 1 | 0 | |a Cognitive neuropsychological approaches to the treatment of language disorders |
| 300 | |a 184 p | ||
| 942 | |c BK | ||
| 945 | |d 19951205 00:00:00 |a rleighto | ||
| 260 | |a Hillsdale |b Lawrence Erlbaum Associates |c 1995 | ||
| 650 | 0 | |a Neurología |9 269802 | |
| 650 | 7 | |a ENFERMEDADES DEL SISTEMA NERVIOSO |2 CL-VaPUC |9 269801 | |
| 650 | 0 | |a Psicolingüística |9 283371 | |
| 650 | 0 | |a Lenguaje |9 265069 | |
| 583 | |a last modification |c 20130411 10:45:39 |k Rodrigo Vera | ||
| 999 | |c 242481 |d 242479 | ||
| 952 | |0 0 |1 0 |4 0 |6 616_855000000000000_BER_1995 |7 0 |8 A |9 255489 |a FDOPOS |b FDOPOS |d 2019-11-19 |i 3157911 |o 616.855 BER 1995 |p 3157911 |r 2025-01-22 |w 2019-11-19 |y BK |k MLA | ||